Vuestros ojos (Record no. 104518)

MARC details
000 -LEADER
campo de control de longitud fija 00717nam a2200217 i 4500
001 - NÚMERO DE CONTROL
campo de control 104518
003 - IDENTIFICADOR DE NÚMERO DE CONTROL
campo de control ES-MaACL
005 - FECHA Y HORA DE LA ÚLTIMA TRANSACCIÓN
campo de control 20230906183626.0
007 - CAMPO FIJO DE DESCRIPCIÓN FÍSICA--INFORMACIÓN GENERAL
campo de control de longitud fija t|
008 - DATOS DE LONGITUD FIJA--INFORMACIÓN GENERAL
campo de control de longitud fija 051130s1952 sp ||||1| spa d
100 1# - ENTRADA PRINCIPAL--NOMBRE DE PERSONA
Nombre de persona Millot, G. M.
9 (RLIN) 81269
245 10 - MENCIÓN DEL TÍTULO
Título Vuestros ojos
Resto del título : como conservar una buena visión... /
Mención de responsabilidad, etc. G. M. Millot; traducción y notas del Dr. Ismael Antich Sariol; prefacio de Pierre Devaux.
260 ## - PUBLICACIÓN, DISTRIBUCIÓN, ETC.
Lugar de publicación, distribución, etc. Barcelona :
Nombre del editor, distribuidor, etc. Fama,
Fecha de publicación, distribución, etc. 1952.
300 ## - DESCRIPCIÓN FÍSICA
Extensión 100 p., 1 lám. pleg. :
Otras características físicas il. ;
Dimensiones 22 cm.
490 1# - MENCIÓN DE SERIE
Mención de serie Técnica Fama
700 0# - ENTRADA AGREGADA--NOMBRE PERSONAL
Nombre de persona Antich, Ismael.
9 (RLIN) 21892
700 1# - ENTRADA AGREGADA--NOMBRE PERSONAL
Nombre de persona Devaux, Pierre.
9 (RLIN) 43994
830 0# - PUNTO DE ACCESO ADICIONAL DE SERIE-TÍTULO UNIFORME
Título uniforme Técnica Fama
9 (RLIN) 232643
852 ## - LOCALIZACIÓN
Ubicación ES-MaACL
Número de control de estantería D-7755
Sublocalización o colección R.32442
Holdings
Estatus retirado Estado de pérdida Estado de daño No para préstamo Biblioteca de origen Biblioteca actual Ubicación en estantería Fecha de adquisición Fuente de adquisición Total de préstamos Signatura topográfica completa Código de barras Visto por última vez Precio de reemplazo Tipo de ítem Koha
        Biblioteca del Ateneo de Madrid Biblioteca del Ateneo de Madrid Sala Valle Inclán 17/01/2008     D-7755 901109123 23/02/2023 23/02/2023 Libro impreso